[Event "Superettan(Vasteras II-Schack 08)"]
[Site "?"]
[Date "2020.10.18"]
[Round "9"]
[White "Carlsson, Andreas"]
[Black "Wester, Fredrik"]
[Result "0-1"]
[WhiteElo "1994"]
[BlackElo "1953"]
[PlyCount "88"]
1. e4 c5 2. Nf3 d6 3. d4 cxd4 4. Nxd4 Nf6 5. Nc3 a6 6. Be3 e5 7. Nb3 Be7 8. f3
Be6 9. Nd5 Nxd5 10. exd5 Bf5 11. Qd2 O-O 12. c4 Nd7 13. Na5 Qc7 14. b4 Bg6 15.
Rc1 f5 16. Be2 f4 17. Bf2 e4 18. fxe4 Bxe4 19. Bf3 Bxf3 20. gxf3 Ne5 21. Qe2
Rae8 22. O-O Qd7 23. Bd4 Bh4 24. Rc2 Rf6 25. Kh1 Rh6 26. Rg1 Bg3 27. Rg2 Ng4
28. Qf1 Nxh2 29. Rxh2 Rxh2+ 30. Rxh2 Re1 31. Qxe1 Bxe1 32. a3 Bg3 33. Re2 Qa4
34. Kg2 h5 35. Ra2 h4 36. Nxb7 h3+ 37. Kxh3 Qd7+ 38. Kg2 Qxb7 39. Re2 Qf7 40.
Bf2 Qg6 41. Kh1 Qh5+ 42. Kg2 Qh2+ 43. Kf1 Qh1+ 44. Bg1 Qxf3+ 0-1

[Event "Superettan(RockadenIISthlm-Kungstornet)"]
[Site "?"]
[Date "2020.10.18"]
[Round "9"]
[White "Narva, David"]
[Black "Azizi, Haroon"]
[Result "1-0"]
[WhiteElo "2015"]
[BlackElo "2152"]
[PlyCount "132"]
1. e4 Nf6 2. e5 Nd5 3. d4 d6 4. Nf3 Bg4 5. Be2 e6 6. O-O Be7 7. c4 Nb6 8. b3
O-O 9. Bb2 d5 10. c5 N6d7 11. Ne1 Bf5 12. Bd3 Bg6 13. Bxg6 hxg6 14. Nd3 Re8 15.
Nd2 f5 16. exf6 Bxf6 17. Qg4 Nf8 18. Nf3 Nbd7 19. c6 bxc6 20. Rac1 Rb8 21. Rxc6
Rb6 22. Rc2 c6 23. Re1 a5 24. Rce2 a4 25. b4 a3 26. Bxa3 Ra6 27. Bc1 Qa8 28. a3
Rxa3 29. Bxa3 Qxa3 30. Nc5 Nxc5 31. bxc5 Qb4 32. Qf4 e5 33. Qd2 Qxd2 34. Nxd2
e4 35. Nb3 Ne6 36. Rd2 Ra8 37. h3 Ra3 38. Rb2 Ra4 39. Ra1 Rb4 40. Rbb1 g5 41.
Na5 Rxd4 42. Nxc6 Rc4 43. Ra8+ Kh7 44. Re8 Nxc5 45. Ne5 Rc2 46. Rd1 Na6 47. Ng4
Nb4 48. Nxf6+ gxf6 49. Rd4 Nd3 50. Rxd5 Rc1+ 51. Kh2 Rc6 52. Rxe4 Nf4 53. Rd7+
Kg6 54. g3 Ne6 55. Re2 f5 56. Red2 Kf6 57. R7d6 Rc7 58. Re2 Re7 59. f4 gxf4 60.
gxf4 Kf7 61. Re5 Kf6 62. Kg3 Rg7+ 63. Kf3 Re7 64. h4 Re8 65. h5 Re7 66. h6 Kf7
1-0

[Event "Superettan(Vasteras II-Schack 08)"]
[Site "?"]
[Date "2020.10.18"]
[Round "9"]
[White "Dahlstedt, Anders"]
[Black "Granath, Jonas"]
[Result "1/2-1/2"]
[WhiteElo "1757"]
[BlackElo "1760"]
[PlyCount "125"]
1. d4 d5 2. e4 dxe4 3. Nc3 e5 4. Nxe4 exd4 5. Bb5+ Bd7 6. Qe2 Be7 7. Nf3 Bxb5
8. Qxb5+ Qd7 9. Qxb7 Qc6 10. Qc8+ Bd8 11. Qg4 Nf6 12. Nxf6+ Bxf6 13. O-O O-O
14. Nxd4 Qd7 15. Nf5 g6 16. Nh6+ Kg7 17. Qxd7 Nxd7 18. Ng4 g5 19. Nxf6 Kxf6 20.
Bd2 Kg6 21. f4 h6 22. f5+ Kg7 23. Bc3+ f6 24. Rfe1 Rf7 25. Rad1 Rb8 26. a4 Ne5
27. b3 Re7 28. h3 Rbe8 29. Kf1 h5 30. Rd5 Nf7 31. Rxe7 Rxe7 32. Kf2 Re4 33. g3
Nd6 34. Rc5 Re7 35. Kf3 Ne4 36. Rc6 Nxc3 37. Rxc3 Kf7 38. g4 h4 39. Re3 Rd7 40.
Ke2 Rd4 41. Rd3 Re4+ 42. Kd2 Re7 43. b4 a6 44. c4 c6 45. Rd6 Rc7 46. Kd3 Rb7
47. Kc3 Re7 48. Kd4 Re1 49. Rxc6 Rh1 50. Rxa6 Rxh3 51. Ra7+ Ke8 52. c5 Rg3 53.
Kd5 Rxg4 54. Ke6 Re4+ 55. Kxf6 h3 56. Kxg5 Rh4 57. Ra8+ Kf7 58. Ra7+ Ke8 59. c6
h2 60. Ra8+ Kf7 61. Ra7+ Ke8 62. Ra8+ Kf7 63. Ra7+ 1/2-1/2

[Event "Superettan(RockadenIISthlm-Kungstornet)"]
[Site "?"]
[Date "2020.10.18"]
[Round "9"]
[White "Larsson, Anders"]
[Black "Ekenberg, Ulf"]
[Result "1/2-1/2"]
[WhiteElo "2196"]
[BlackElo "1964"]
[PlyCount "33"]
1. d4 d5 2. c4 e6 3. Nf3 c6 4. e3 Nf6 5. Be2 Nbd7 6. O-O Bd6 7. Nbd2 O-O 8. b3
e5 9. dxe5 Nxe5 10. Bb2 Qc7 11. Rc1 Bg4 12. h3 Bxf3 13. Nxf3 Rad8 14. Qc2 Nxf3+
15. Bxf3 Bh2+ 16. Kh1 Be5 17. Rfd1 1/2-1/2

[Event "Superettan(Vasteras II-Schack 08)"]
[Site "?"]
[Date "2020.10.18"]
[Round "9"]
[White "Bjorkman, Filip"]
[Black "Arvidsson, Tomas"]
[Result "1-0"]
[WhiteElo "1950"]
[BlackElo "2010"]
[PlyCount "69"]
1. e4 c5 2. Nf3 Nc6 3. d4 cxd4 4. Nxd4 e5 5. Nb5 d6 6. c4 Be7 7. Be2 Be6 8.
N5c3 Nd4 9. Be3 Nxe2 10. Qxe2 Bg5 11. Nd1 Rc8 12. b3 Bxe3 13. Nxe3 Qh4 14. Nc3
Nf6 15. Qf3 O-O 16. O-O a6 17. Rac1 Ne8 18. Rfd1 g6 19. g3 Qg5 20. h4 Qd8 21.
Kg2 f5 22. h5 fxe4 23. Qxe4 Nf6 24. Qxb7 Nxh5 25. Ne4 Nf4+ 26. gxf4 Rb8 27.
Qxa6 Rb6 28. Qa5 Rxf4 29. Qxe5 Bh3+ 30. Kg1 Qh4 31. Qd5+ Kg7 32. Ng3 Bc8 33.
Ng2 Qg4 34. Nxf4 Bb7 35. Qd4+ 1-0

[Event "Superettan(RockadenIISthlm-Kungstornet)"]
[Site "?"]
[Date "2020.10.18"]
[Round "9"]
[White "Sandberg, Philip"]
[Black "Engstrom, Kaj"]
[Result "1-0"]
[WhiteElo "1881"]
[BlackElo "2195"]
[PlyCount "25"]
1. d4 Nf6 2. c4 e6 3. Nc3 d5 4. Bg5 Nbd7 5. Nf3 c6 6. e3 Qa5 7. Nd2 dxc4 8.
Bxf6 Nxf6 9. Nxc4 Qd8 10. a3 Be7 11. Rc1 O-O 12. b4 Nd5 13. Be2 1-0

[Event "Superettan(Team Pelaro-Kristallen)"]
[Site "?"]
[Date "2020.10.18"]
[Round "9"]
[White "Lindh, Fredrik"]
[Black "Agrest, Evgenij"]
[Result "0-1"]
[WhiteElo "2284"]
[BlackElo "2583"]
[PlyCount "108"]
1. e4 c6 2. d4 d5 3. e5 Bf5 4. Nd2 e6 5. Nb3 Ne7 6. Nf3 Nc8 7. a4 Nd7 8. Be2
Be7 9. a5 a6 10. O-O Na7 11. c4 dxc4 12. Bxc4 Nb5 13. Qe2 Nc7 14. Nfd2 h5 15.
Ne4 Nd5 16. Bd2 Nf8 17. Nbc5 Rb8 18. h4 Bxc5 19. dxc5 Bxe4 20. Qxe4 Ng6 21. Bg5
Qc7 22. Rfe1 Nge7 23. Bxe7 Qxe7 24. Bxd5 exd5 25. Qd4 Rh6 26. Ra3 Rg6 27. e6
fxe6 28. Qe5 Rd8 29. Qxh5 Qf7 30. Qe5 Kd7 31. Ree3 Qe7 32. Rg3 Rf6 33. Raf3
Rdf8 34. b4 Kc8 35. h5 Rxf3 36. gxf3 Rf5 37. Qd4 e5 38. Qg4 Qf7 39. Rh3 Kb8 40.
h6 gxh6 41. Rxh6 Ka7 42. Qh4 Qg7+ 43. Kf1 Rg5 44. Ke2 e4 45. fxe4 Qb2+ 46. Kf3
Qc3+ 47. Kf4 Qe5+ 48. Ke3 Qc3+ 49. Kf4 Qd2+ 50. Kf3 Rg8 51. exd5 Qxd5+ 52. Kf4
Rf8+ 53. Kg3 Qf3+ 54. Kh2 Rg8 0-1

[Event "Superettan(Rockaden,Umea-Orgryte)"]
[Site "?"]
[Date "2020.10.18"]
[Round "9"]
[White "Ziegler, Ari"]
[Black "Nygren, David"]
[Result "1-0"]
[WhiteElo "2305"]
[BlackElo "2298"]
[PlyCount "75"]
1. e4 e6 2. d4 d5 3. Nc3 Bb4 4. e5 c5 5. a3 Bxc3+ 6. bxc3 Ne7 7. Qg4 Qc7 8.
Qxg7 Rg8 9. Qxh7 cxd4 10. Ne2 Nbc6 11. f4 Bd7 12. Bb2 dxc3 13. Nxc3 a6 14.
O-O-O O-O-O 15. Qh4 Nf5 16. Qf2 d4 17. Ne4 Na5 18. Nd6+ Nxd6 19. exd6 Qc5 20.
Bxd4 Qxa3+ 21. Bb2 Qb4 22. Qd4 Nc6 23. Qxb4 Nxb4 24. h4 Nd5 25. h5 Ne3 26. h6
Nxd1 27. Kxd1 Bc6 28. h7 Rh8 29. Bd3 f5 30. Ke2 Kd7 31. Be5 Bxg2 32. Rg1 Bc6
33. Rg7+ Kc8 34. Rc7+ Kb8 35. Re7 Kc8 36. Bc4 Bd7 37. Bxh8 Rxh8 38. Rg7 1-0

[Event "Superettan(Team Pelaro-Kristallen)"]
[Site "?"]
[Date "2020.10.18"]
[Round "9"]
[White "Sorensen, Hampus"]
[Black "Andersson, Goran L"]
[Result "1-0"]
[WhiteElo "2384"]
[BlackElo "2269"]
[PlyCount "81"]
1. d4 Nf6 2. c4 e6 3. Nf3 d5 4. Bg5 Bb4+ 5. Nbd2 dxc4 6. e3 b5 7. a3 Ba5 8. Be2
O-O 9. O-O Bb7 10. b3 c3 11. b4 cxd2 12. bxa5 c5 13. dxc5 Qxa5 14. Nxd2 Nbd7
15. Nb3 Qa4 16. Bxf6 Nxf6 17. Nd4 Qxd1 18. Rfxd1 a6 19. c6 Bc8 20. a4 b4 21. a5
Nd5 22. Bf3 Nc3 23. Rdc1 e5 24. Ne2 Nxe2+ 25. Bxe2 Be6 26. Rab1 b3 27. Bc4 Rfc8
28. Bxe6 fxe6 29. Rxb3 Ra7 30. g4 e4 31. Kg2 Rac7 32. Rb6 Ra8 33. Rc4 Rac8 34.
Rxa6 Kf7 35. Rxe4 Rxc6 36. Rxc6 Rxc6 37. Ra4 Ra6 38. Kf3 e5 39. Ke4 Ke6 40. Ra2
h6 41. h3 1-0

[Event "Superettan(Rockaden,Umea-Orgryte)"]
[Site "?"]
[Date "2020.10.18"]
[Round "9"]
[White "Krantz, Christopher"]
[Black "Frisk Kockum, Anton"]
[Result "1-0"]
[WhiteElo "2201"]
[BlackElo "2357"]
[PlyCount "137"]
1. d4 f5 2. Nc3 d5 3. Bf4 Nf6 4. e3 e6 5. Nf3 Be7 6. Bd3 O-O 7. O-O c6 8. Ne2
Nbd7 9. Ne5 Nxe5 10. Bxe5 Bd7 11. c4 b5 12. c5 a5 13. a4 b4 14. Nc1 Bc8 15. Nb3
Ba6 16. f3 Nd7 17. Bxa6 Rxa6 18. Qe2 Ra7 19. e4 Nxe5 20. dxe5 fxe4 21. fxe4
dxe4 22. Qxe4 Qd5 23. Qxd5 exd5 24. g3 Re8 25. Rfe1 Bf8 26. Rac1 g6 27. Nd4 Rc7
28. Rc2 Bg7 29. Rce2 Kf7 30. Kg2 Ke7 31. h4 Rcc8 32. Nb3 Ra8 33. Rf1 Rf8 34.
Rxf8 Bxf8 35. g4 Bg7 36. Kg3 Kd7 37. Nd4 Re8 38. e6+ Kc7 39. Nb3 Bf6 40. Nxa5
h6 41. Nb3 Ra8 42. Rf2 Be5+ 43. Kg2 Re8 44. a5 Kb7 45. Re2 Bf6 46. h5 gxh5 47.
gxh5 Ka6 48. Kf3 Kb5 49. Kf4 Kc4 50. Kf5 Bg5 51. Nc1 Kxc5 52. Nd3+ Kb5 53. Ne5
c5 54. Nf7 Kxa5 55. Nxg5 hxg5 56. Re5 Ka4 57. Rxd5 c4 58. Kf6 Kb3 59. Kf7 Rh8
60. e7 Kxb2 61. e8=Q Rxe8 62. Kxe8 c3 63. h6 c2 64. Rc5 b3 65. h7 Kb1 66. h8=Q
b2 67. Qc3 c1=Q 68. Qd3+ Ka2 69. Ra5# 1-0

[Event "Superettan(Team Pelaro-Kristallen)"]
[Site "?"]
[Date "2020.10.18"]
[Round "9"]
[White "Naslund, Mikael"]
[Black "Winsnes, Rikard"]
[Result "1-0"]
[WhiteElo "2148"]
[BlackElo "2372"]
[PlyCount "75"]
1. d4 Nf6 2. c4 g6 3. Nc3 d5 4. Bf4 Bg7 5. e3 c5 6. dxc5 Qa5 7. Rc1 Ne4 8. cxd5
Nxc3 9. Qd2 Qxa2 10. bxc3 Qa5 11. Nf3 Qxc5 12. e4 Nd7 13. c4 O-O 14. Be3 Qc7
15. c5 Nf6 16. Bd3 e6 17. d6 Qc6 18. Nd4 Qe8 19. Nb5 Qc6 20. f3 a6 21. Nc7 Rb8
22. O-O Ne8 23. Nxe8 Qxe8 24. Kh1 Bd7 25. Rb1 Bc6 26. Bc4 Qd8 27. Rb6 Rc8 28.
Bd4 Bxd4 29. Qxd4 Qh4 30. Kg1 Rfe8 31. d7 Bxd7 32. Qxd7 Qg5 33. Rxb7 Qxc5+ 34.
Kh1 Rf8 35. Bxa6 Ra8 36. Rc7 Qe3 37. Bc4 Rad8 38. Qe7 1-0

[Event "Superettan(Rockaden,Umea-Orgryte)"]
[Site "?"]
[Date "2020.10.18"]
[Round "9"]
[White "Arnelind, Mikael"]
[Black "Malmstig, Erik"]
[Result "1-0"]
[WhiteElo "2209"]
[BlackElo "2206"]
[PlyCount "63"]
1. d4 Nf6 2. c4 e6 3. Nc3 d5 4. cxd5 exd5 5. Bg5 Be7 6. e3 O-O 7. Qc2 h6 8. Bh4
Re8 9. Bd3 a6 10. Nge2 Nbd7 11. g4 Nf8 12. h3 b5 13. O-O-O Bb7 14. Kb1 Ne4 15.
Bxe7 Qxe7 16. Bxe4 dxe4 17. Ng3 Nd7 18. h4 b4 19. Nf5 Qe6 20. Ne2 Bd5 21. b3
Nf6 22. Nf4 Qd7 23. Qc5 Be6 24. Rhg1 Nxg4 25. Nxe6 fxe6 26. Nxg7 Kxg7 27. Qe5+
Kf7 28. Rxg4 Rg8 29. Rdg1 Rxg4 30. Rxg4 Qc6 31. Rg7+ Ke8 32. Qf6 1-0

[Event "Superettan(Team Pelaro-Kristallen)"]
[Site "?"]
[Date "2020.10.18"]
[Round "9"]
[White "Andreasson, Ingvar"]
[Black "Walinder, Lars"]
[Result "1-0"]
[WhiteElo "2327"]
[BlackElo "2280"]
[PlyCount "67"]
1. e4 e6 2. d3 d5 3. Nd2 Nf6 4. Ngf3 Bc5 5. e5 Nfd7 6. c3 Bb6 7. d4 c5 8. Bb5
Nc6 9. O-O cxd4 10. cxd4 O-O 11. Nb3 f6 12. exf6 Nxf6 13. Bg5 Qd6 14. Bh4 Ne4
15. Bg3 Nxg3 16. hxg3 Bd7 17. Qe2 Rf6 18. Rac1 Raf8 19. Bxc6 Bxc6 20. Nc5 Qe7
21. Ne5 Be8 22. b3 h5 23. a4 Rh6 24. Qe3 Bc7 25. Ncd7 Bxe5 26. Nxe5 Bg6 27. Rc3
Be4 28. f3 Bf5 29. Rfc1 Qb4 30. Kh2 Qd6 31. Rc7 h4 32. g4 Bg6 33. Rd7 Qb8 34.
Rcc7 1-0

[Event "Superettan(Rockaden,Umea-Orgryte)"]
[Site "?"]
[Date "2020.10.18"]
[Round "9"]
[White "Lindgren, Fredrik"]
[Black "Olsson, William"]
[Result "1-0"]
[WhiteElo "2266"]
[BlackElo "2284"]
[PlyCount "77"]
1. d4 d5 2. Nf3 c6 3. Bf4 Bf5 4. e3 Nf6 5. Bd3 Bg6 6. O-O Nbd7 7. c4 e6 8. h3
Be7 9. Nc3 O-O 10. Bxg6 hxg6 11. Qe2 dxc4 12. Qxc4 Rc8 13. Rac1 b5 14. Qe2 b4
15. Na4 Qa5 16. b3 c5 17. dxc5 Nxc5 18. Nxc5 Bxc5 19. e4 Be7 20. Ne5 Qb6 21.
Be3 Qb7 22. f3 Nh5 23. Rfd1 Rxc1 24. Rxc1 Bd6 25. Nc6 Rc8 26. Qc4 Kh7 27. Na5
Rxc4 28. Nxb7 Rxc1+ 29. Bxc1 Bf4 30. Bxf4 Nxf4 31. Nd8 Ne2+ 32. Kf2 Nc1 33.
Nxf7 Nxa2 34. Ng5+ Kg8 35. Nxe6 Nc1 36. Nc5 a5 37. Ke3 Nxb3 38. Nxb3 a4 39. Nc5
1-0

[Event "Superettan(Team Pelaro-Kristallen)"]
[Site "?"]
[Date "2020.10.18"]
[Round "9"]
[White "Persson, Andreas"]
[Black "Agrest, Inna"]
[Result "1/2-1/2"]
[WhiteElo "2129"]
[BlackElo "2290"]
[PlyCount "130"]
1. d4 Nf6 2. Nf3 g6 3. g3 Bg7 4. Bg2 O-O 5. O-O d6 6. b3 Nbd7 7. Bb2 c5 8. c4
Rb8 9. Nc3 a6 10. dxc5 Nxc5 11. Nd4 e5 12. Nc2 b5 13. cxb5 axb5 14. Nb4 Bb7 15.
Nc6 Bxc6 16. Bxc6 b4 17. Nd5 Nxd5 18. Bxd5 Kh8 19. Qd2 Qe7 20. Rfc1 Rb6 21. Rc4
Rfb8 22. Rac1 Qa7 23. R1c2 f5 24. Qg5 e4 25. Qc1 Bxb2 26. Qxb2+ Qg7 27. Qxg7+
Kxg7 28. f3 exf3 29. exf3 Re8 30. Kf1 Re5 31. Rd4 Kf6 32. Rcd2 h5 33. h4 Re3
34. Kf2 Re5 35. Bc4 Ke7 36. Re2 Nd7 37. Bd5 Ra6 38. Rc2 Kf6 39. f4 Re7 40. Rxb4
Nc5 41. Rd4 Ra3 42. Rcd2 Kg7 43. b4 Ne4+ 44. Bxe4 fxe4 45. Re2 e3+ 46. Kf3 Rb7
47. Rxe3 Rxa2 48. Rb3 Rb6 49. Ke4 Kf6 50. Kd5 Rc2 51. Rdd3 Kf5 52. Re3 Rc1 53.
Re2 Rd1+ 54. Kc4 Rc1+ 55. Kd3 Rb5 56. Ra2 Rd5+ 57. Ke2 Rdd1 58. b5 Re1+ 59. Kf3
Rf1+ 60. Rf2 Rb1 61. Rd3 Rxf2+ 62. Kxf2 Ke6 63. Re3+ Kf6 64. Rd3 Ke6 65. Re3+
Kf6 1/2-1/2

[Event "Superettan(Rockaden,Umea-Orgryte)"]
[Site "?"]
[Date "2020.10.18"]
[Round "9"]
[White "Kumar, Rahul"]
[Black "Mardell, Jimmy"]
[Result "1/2-1/2"]
[WhiteElo "2151"]
[BlackElo "2138"]
[PlyCount "106"]
1. d4 Nf6 2. Nf3 e6 3. Bg5 h6 4. Bh4 c5 5. e3 b6 6. Nbd2 Bb7 7. Bd3 d6 8. h3
Be7 9. c3 O-O 10. Qe2 cxd4 11. cxd4 Nd5 12. Bxe7 Qxe7 13. a3 Nd7 14. O-O Rac8
15. Rac1 e5 16. Ba6 Bxa6 17. Qxa6 Rxc1 18. Rxc1 e4 19. Nh2 N7f6 20. Nhf1 g6 21.
Ng3 h5 22. Rc6 h4 23. Ne2 Qd7 24. Rc1 g5 25. Qc4 Qe6 26. Kh2 Kh7 27. Nc3 Rc8
28. Qf1 Nxc3 29. bxc3 Qa2 30. Qd1 Qxa3 31. Ra1 Qxc3 32. Rxa7 Kg7 33. Nxe4 Nxe4
34. Qg4 d5 35. Qf5 Rf8 36. Qxd5 Qd3 37. Qe5+ Kg6 38. Rb7 Qb1 39. Qc7 b5 40.
Qc6+ Nf6 41. Rxb5 Qe4 42. Qd6 Re8 43. Re5 Re6 44. Qc5 Rxe5 45. dxe5 Ng8 46. Qc7
Qf5 47. Kg1 Nh6 48. Qb8 Kg7 49. Qb2 Qe6 50. Qd4 Nf5 51. Qg4 Kh6 52. f4 gxf4 53.
Qxf4+ Kg6 1/2-1/2

[Event "Superettan(Team Pelaro-Kristallen)"]
[Site "?"]
[Date "2020.10.18"]
[Round "9"]
[White "Rasti, Arvin"]
[Black "Hedstrom, Johan"]
[Result "1/2-1/2"]
[WhiteElo "2164"]
[BlackElo "2060"]
[PlyCount "47"]
1. d4 f5 2. c4 Nf6 3. g3 d6 4. Bg2 g6 5. Nc3 Bg7 6. Nf3 O-O 7. O-O Nh5 8. e3
Nc6 9. Rb1 e5 10. dxe5 dxe5 11. Qb3 e4 12. Rd1 Qe8 13. Nd4 Ne5 14. Nd5 Qf7 15.
Bd2 c6 16. Nf4 Nxf4 17. gxf4 Nxc4 18. Bb4 Re8 19. Bc5 Nb6 20. Bf1 Bxd4 21. Rxd4
Qxb3 22. axb3 Nd5 23. Bc4 Be6 24. Bd6 1/2-1/2

[Event "Superettan(Rockaden,Umea-Orgryte)"]
[Site "?"]
[Date "2020.10.18"]
[Round "9"]
[White "Johansson, David"]
[Black "Eksmyr, Johan"]
[Result "0-1"]
[WhiteElo "2105"]
[BlackElo "2155"]
[PlyCount "38"]
1. e4 c6 2. d4 d5 3. e5 Bf5 4. Be3 Qb6 5. Qc1 e6 6. Nf3 Na6 7. Be2 Nb4 8. Na3
Be7 9. O-O Nh6 10. Ne1 Ng4 11. Bd2 Qxd4 12. c3 Qxe5 13. Bxg4 Bxg4 14. f4 Bc5+
15. Kh1 Qe2 16. Nf3 Nd3 17. Qc2 Bxf3 18. Rxf3 Nf2+ 19. Kg1 Ne4+ 0-1

[Event "Superettan(Team Pelaro-Kristallen)"]
[Site "?"]
[Date "2020.10.18"]
[Round "9"]
[White "Dingertz, Erik"]
[Black "Nowen, Linus"]
[Result "0-1"]
[WhiteElo "1947"]
[BlackElo "1568"]
[PlyCount "72"]
1. c4 d6 2. Nc3 g6 3. g3 Bg7 4. Bg2 c5 5. e3 Nc6 6. Nge2 Nf6 7. d4 cxd4 8. Nxd4
Bd7 9. O-O O-O 10. b3 Rc8 11. Bb2 Qa5 12. Qe2 Rfd8 13. Rfd1 a6 14. Rac1 Bg4 15.
f3 Bd7 16. Kh1 b5 17. cxb5 Nxd4 18. exd4 axb5 19. Qe3 Be6 20. Ne4 Nd5 21. Qg5
Qxa2 22. Qd2 Qxb3 23. Rxc8 Rxc8 24. Rc1 Rxc1+ 25. Qxc1 Nb4 26. Nf2 Nd3 27. Nxd3
Qxd3 28. Qf1 Qb3 29. Qa1 Bd5 30. f4 Bxg2+ 31. Kxg2 Qc2+ 32. Kh3 Qf5+ 33. Kg2
Qe4+ 34. Kh3 h5 35. Bc3 Bf6 36. Qa7 Qf5+ 0-1

[Event "Superettan(Team Pelaro-Kristallen)"]
[Site "?"]
[Date "2020.10.18"]
[Round "9"]
[White "Wengholm, Anders"]
[Black "Adolfsson, Tobias"]
[Result "1/2-1/2"]
[WhiteElo "2206"]
[BlackElo "1897"]
[PlyCount "144"]
1. Nf3 f5 2. c4 Nf6 3. g3 g6 4. Bg2 Bg7 5. O-O O-O 6. Nc3 d6 7. d4 Nc6 8. d5
Ne5 9. Nxe5 dxe5 10. Qb3 a6 11. c5 Kh8 12. Rd1 Rb8 13. f3 h6 14. e4 fxe4 15.
Nxe4 Nxe4 16. fxe4 Bg4 17. Re1 Qd7 18. Bd2 Bh3 19. Bxh3 Qxh3 20. Rf1 Qg4 21.
Qd3 Kh7 22. Kg2 h5 23. h3 Qd7 24. b3 c6 25. Be3 cxd5 26. Qxd5 Qb5 27. Qc4 Qc6
28. a4 Rbd8 29. Rxf8 Rxf8 30. b4 Rc8 31. b5 axb5 32. axb5 Qd7 33. Rc1 Rc7 34.
c6 bxc6 35. bxc6 Qd6 36. Rc2 e6 37. Bb6 Rc8 38. Bg1 Rc7 39. Bf2 Bf8 40. Bb6 Rc8
41. Ba5 Qd4 42. Be1 Rc7 43. Bf2 Qd6 44. Be3 Kg7 45. Bb6 Rc8 46. Bc5 Qxc5 47.
Qxc5 Bxc5 48. Rxc5 Kf6 49. Kf3 Ke7 50. Rxe5 Rxc6 51. Kf4 Kf6 52. g4 hxg4 53.
hxg4 Rc1 54. g5+ Kf7 55. Ra5 Rg1 56. Ra7+ Kf8 57. Ke5 Rg4 58. Rb7 Kg8 59. Kf6
Rxe4 60. Rb8+ Kh7 61. Rb7+ Kg8 62. Kxg6 Kf8 63. Kf6 Rf4+ 64. Kxe6 Kg8 65. Ra7
Rf8 66. Ke5 Rb8 67. Kf6 Rf8+ 68. Kg6 Rb8 69. Rg7+ Kh8 70. Rf7 Kg8 71. Rf6 Ra8
72. Rb6 Kh8 1/2-1/2

[Event "Superettan(Rockaden,Umea-Orgryte)"]
[Site "?"]
[Date "2020.10.18"]
[Round "9"]
[White "Mardell, Jonas"]
[Black "Troberg Eskola, Love"]
[Result "1-0"]
[WhiteElo "2118"]
[BlackElo "2030"]
[PlyCount "59"]
1. e4 c6 2. Nc3 d5 3. Qf3 d4 4. Nce2 c5 5. d3 Nc6 6. a3 Nf6 7. Qg3 Qa5+ 8. Bd2
Qb6 9. b3 a5 10. e5 Nd5 11. Nf4 Nc7 12. Nf3 a4 13. Rb1 e6 14. Nh5 g6 15. Nf6+
Kd8 16. Ng5 Ke7 17. Ngxh7 Rxh7 18. Nxh7 Bg7 19. Qh4+ Ke8 20. Nf6+ Bxf6 21. exf6
Nd5 22. Be2 Nc3 23. Bxc3 dxc3 24. Qh8+ Kd7 25. Qf8 Nd4 26. Qxf7+ Kd6 27. Qe7+
Kc6 28. Bf3+ Nxf3+ 29. gxf3 axb3 30. Rxb3 1-0

[Event "Superettan(Vasteras II-Schack 08)"]
[Site "?"]
[Date "2020.10.18"]
[Round "9"]
[White "Ottenklev, Niclas"]
[Black "Eriksson, Anders"]
[Result "1-0"]
[WhiteElo "2192"]
[BlackElo "2224"]
[PlyCount "45"]
1. e4 c6 2. c4 d5 3. cxd5 cxd5 4. exd5 Nf6 5. Nc3 Nxd5 6. Nf3 e6 7. d4 Bb4 8.
Bd2 Nc6 9. Bd3 Be7 10. O-O O-O 11. Re1 Bf6 12. Ne4 Bxd4 13. Nxd4 Nxd4 14. Ng5
h6 15. Nh7 Re8 16. Bxh6 gxh6 17. Qg4+ Kh8 18. Qxd4+ f6 19. Qh4 Kg7 20. Qg4+ Kh8
21. Qh5 Re7 22. Qxh6 Kg8 23. Nxf6+ 1-0

[Event "Superettan(RockadenIISthlm-Kungstornet)"]
[Site "?"]
[Date "2020.10.18"]
[Round "9"]
[White "von Bahr, Oskar"]
[Black "Bryntze, Stefan"]
[Result "1-0"]
[WhiteElo "2400"]
[BlackElo "2182"]
[PlyCount "83"]
1. e4 c5 2. Nf3 d6 3. Bb5+ Bd7 4. Bxd7+ Nxd7 5. O-O Ngf6 6. d3 e6 7. Nc3 Be7 8.
Ng5 h6 9. Nh3 Qb6 10. f4 O-O-O 11. a4 g5 12. a5 Qc6 13. a6 Rdg8 14. axb7+ Kb8
15. fxg5 hxg5 16. d4 Nxe4 17. d5 exd5 18. Qxd5 Qxd5 19. Nxd5 Bf6 20. Nxf6 Ndxf6
21. Nxg5 Rg7 22. Nxe4 Nxe4 23. b4 cxb4 24. Be3 Rhg8 25. g3 Nxg3 26. hxg3 Rxg3+
27. Kf2 Rg2+ 28. Kf3 Kxb7 29. Rxa7+ Kc6 30. Ra6+ Kb5 31. Rb6+ Kc4 32. Rb1 R8g3+
33. Kf4 Rg4+ 34. Kf5 Kc3 35. Bf4 Kxc2 36. R6xb4 d5 37. Rc1+ Kd3 38. Rb3+ Ke2
39. Rcc3 Ke1 40. Rb1+ Kf2 41. Rb2+ Kg1 42. Rc1# 1-0

[Event "Superettan(Vasteras II-Schack 08)"]
[Site "?"]
[Date "2020.10.18"]
[Round "9"]
[White "Petersson, Baldur Teodor"]
[Black "Nyander, Joakim"]
[Result "1/2-1/2"]
[WhiteElo "2247"]
[BlackElo "2232"]
[PlyCount "49"]
1. e4 c5 2. Nf3 e6 3. d4 cxd4 4. Nxd4 a6 5. c4 Nf6 6. Nc3 d6 7. Be2 Be7 8. Be3
Qc7 9. Rc1 b6 10. f3 Bb7 11. g4 h6 12. h4 Nbd7 13. Kd2 Ne5 14. Kc2 O-O-O 15.
Kb1 Kb8 16. Rg1 g5 17. hxg5 hxg5 18. Qd2 Rdg8 19. Rh1 Rxh1 20. Rxh1 Qd8 21. Nc2
Nfd7 22. b3 Rg7 23. Bd1 Rg8 24. Be2 Rg7 25. Bd1 1/2-1/2

[Event "Superettan(RockadenIISthlm-Kungstornet)"]
[Site "?"]
[Date "2020.10.18"]
[Round "9"]
[White "Eriksson, Dan"]
[Black "Lyrberg, Patrik"]
[Result "0-1"]
[WhiteElo "2204"]
[BlackElo "2452"]
[PlyCount "64"]
1. e4 e5 2. Nf3 Nc6 3. d4 exd4 4. Nxd4 Nf6 5. Nxc6 bxc6 6. e5 Qe7 7. Qe2 Ng8 8.
Nc3 f6 9. exf6 Nxf6 10. Bg5 d5 11. O-O-O Qxe2 12. Bxe2 Bd6 13. Bf3 O-O 14. Bxf6
Rxf6 15. Rxd5 Rxf3 16. Rxd6 cxd6 17. gxf3 Bh3 18. Re1 Rf8 19. Re7 Rxf3 20. Ne4
h6 21. Nxd6 Rxf2 22. Rxa7 Rf6 23. Ne4 Rf4 24. Ng3 Bg4 25. a3 h5 26. h3 h4 27.
Nh1 Rf1+ 28. Kd2 Bxh3 29. Ra4 g5 30. Ra5 g4 31. Rh5 Rxh1 32. Rxh4 g3 0-1

[Event "Superettan(Vasteras II-Schack 08)"]
[Site "?"]
[Date "2020.10.18"]
[Round "9"]
[White "Faldt, Magnus"]
[Black "Carlsson, Ludvig"]
[Result "0-1"]
[WhiteElo "2146"]
[BlackElo "2199"]
[PlyCount "86"]
1. d4 g6 2. c4 Bg7 3. e4 e6 4. Nc3 Ne7 5. Nf3 d5 6. Be2 dxe4 7. Nxe4 h6 8. Be3
Nf5 9. Qd2 O-O 10. Rd1 Nxe3 11. fxe3 b6 12. O-O Bb7 13. Nc3 Nd7 14. Bd3 Qe7 15.
Rfe1 e5 16. d5 Nc5 17. Bf1 Rfd8 18. b4 Nd7 19. Nb5 Nf6 20. Qb2 c6 21. d6 Qf8
22. Nc7 Rac8 23. c5 Ne4 24. Qc2 Nxd6 25. cxd6 Rxd6 26. Rxd6 Qxd6 27. Na6 Rd8
28. Rc1 Qd7 29. a4 h5 30. Be2 Bh6 31. Qb3 Qe7 32. b5 c5 33. Rd1 Rxd1+ 34. Bxd1
Qd6 35. Be2 e4 36. Ne1 Qd2 37. Qd1 Qxe3+ 38. Kh1 Qf2 39. Nc2 Bf4 40. Qe1 e3 41.
Qxf2 exf2 42. Na3 h4 43. h3 g5 0-1

[Event "Superettan(RockadenIISthlm-Kungstornet)"]
[Site "?"]
[Date "2020.10.18"]
[Round "9"]
[White "Andersson, Fredrik"]
[Black "Svorono, Gabriel"]
[Result "1/2-1/2"]
[WhiteElo "2281"]
[BlackElo "2124"]
[PlyCount "49"]
1. e4 c6 2. d4 d5 3. e5 c5 4. dxc5 e6 5. a3 Bxc5 6. Nf3 Ne7 7. b4 Bb6 8. Bd3
Nbc6 9. O-O Ng6 10. Bb2 O-O 11. c4 dxc4 12. Bxc4 Bd7 13. Nbd2 Rc8 14. Rc1 Nce7
15. Ne4 Rxc4 16. Rxc4 Bb5 17. Nd6 Bxc4 18. Nxc4 Nd5 19. g3 Nde7 20. Nd6 Qd7 21.
Qe2 Nc8 22. Ne4 Nce7 23. Nd6 Nc8 24. Ne4 Nce7 25. Nd6 1/2-1/2

[Event "Superettan(Vasteras II-Schack 08)"]
[Site "?"]
[Date "2020.10.18"]
[Round "9"]
[White "Kretz, Johan"]
[Black "Bjorkeroth, Johan"]
[Result "1-0"]
[WhiteElo "2204"]
[BlackElo "2149"]
[PlyCount "71"]
1. d4 Nf6 2. c4 e6 3. Nf3 Bb4+ 4. Bd2 c5 5. Bxb4 cxb4 6. a3 Qa5 7. e3 d5 8.
Nbd2 Bd7 9. Bd3 O-O 10. O-O Nc6 11. Ne5 Nxe5 12. dxe5 Ne4 13. Nb3 Qc7 14. cxd5
exd5 15. f3 Ng5 16. f4 Ne4 17. axb4 f6 18. Bxe4 dxe4 19. Qd5+ Kh8 20. e6 Bc6
21. Qc5 b6 22. Qc3 Qb7 23. Nd4 Bd5 24. Rfc1 Rfc8 25. Qa3 Re8 26. f5 g6 27. Rf1
Bc4 28. Rf4 gxf5 29. Rxf5 Qg7 30. Qc3 Rac8 31. b5 Qg6 32. Rf4 Bxe6 33. Nc6 Bd5
34. Ne7 Rxe7 35. Qxc8+ Kg7 36. Rg4 1-0